000 00771nam a2200241 i 4500
001 102599
003 ES-MaACL
005 20230906183136.0
007 t|
008 051122s1975 pr ||||1| eng d
080 _a338.98
080 _a658.012
100 1 _aTugwell, Rexford G.
_9111659
245 1 0 _aTugwell's thoughts on planning /
_cSalvador M. Padilla, editor.
250 _a1st. ed.
260 _a[Río Piedras ?] :
_bUniversity of Puerto Rico,
_c1975.
300 _a236 p. ;
_c22 cm.
500 _aPrecede al tit.: Graduate School of Planning, University of Puerto Rico.
650 1 4 _aPolítica económica.
_916293
650 1 4 _aPlanificación estratégica.
_916111
700 1 _aPadilla, Salvador M.
_988182
852 _aES-MaACL
_jE-11087
_bR.136766
999 _c102599
_d102599